00453nam a22001457a 4500010002500000020002600025035002700051037001300078082000600091100002000097245007000117260003200187270006800219300002000287 a1718CH-EN ENG-136335 a9780143334491c150.00 aB-673244-253 EN-119867 aDPLbBSB aS aRay's Satyajit  aThe adventures of feluda:cby Satyajit Raybthe house of death /  aGurgaon bPuffin Bookc2016 a7th Floor, Infinity Tower C, DLF Cyber City, bGurgaon e122002 a95p.c19cm(pbk)